Brujos y astrólogos de la Inquisición de Galicia y el famoso libro de San Cipriano / (Record no. 29584)

MARC details
000 -LEADER
campo de control de longitud fija 00714nam a2200217 i 4500
001 - NÚMERO DE CONTROL
campo de control 29584
003 - IDENTIFICADOR DE NÚMERO DE CONTROL
campo de control ES-MaACL
005 - FECHA Y HORA DE LA ÚLTIMA TRANSACCIÓN
campo de control 20230906154045.0
007 - CAMPO FIJO DE DESCRIPCIÓN FÍSICA--INFORMACIÓN GENERAL
campo de control de longitud fija t|
008 - DATOS DE LONGITUD FIJA--INFORMACIÓN GENERAL
campo de control de longitud fija 030122s1885 sp ||||1| spa d
100 1# - ENTRADA PRINCIPAL--NOMBRE DE PERSONA
Nombre de persona Barreiro, Bernardo.
9 (RLIN) 25890
245 10 - MENCIÓN DEL TÍTULO
Título Brujos y astrólogos de la Inquisición de Galicia y el famoso libro de San Cipriano /
Mención de responsabilidad, etc. Bernardo Barreiro.
260 ## - PUBLICACIÓN, DISTRIBUCIÓN, ETC.
Lugar de publicación, distribución, etc. La Coruña :
Nombre del editor, distribuidor, etc. Voz de Galicia,
Fecha de publicación, distribución, etc. 1885.
300 ## - DESCRIPCIÓN FÍSICA
Extensión LXII, 162 p. ;
Dimensiones 17 cm.
500 ## - NOTA GENERAL
Nota general Incluye (p. [121]-159): Libro de San Cipriano.
650 #4 - PUNTO DE ACCESO ADICIONAL DE MATERIA--TÉRMINO DE MATERIA
Término de materia o nombre geográfico como elemento de entrada Inquisición-
Subdivisión geográfica Galicia.
9 (RLIN) 152307
650 #4 - PUNTO DE ACCESO ADICIONAL DE MATERIA--TÉRMINO DE MATERIA
Término de materia o nombre geográfico como elemento de entrada Brujería-
Subdivisión geográfica Galicia.
9 (RLIN) 152308
650 04 - PUNTO DE ACCESO ADICIONAL DE MATERIA--TÉRMINO DE MATERIA
Término de materia o nombre geográfico como elemento de entrada Magia.
9 (RLIN) 14729
740 0# - ENTRADA AGREGADA--TÍTULO RELACIONADO/ANALÍTICO NO CONTROLADO
Título relacionado o analítico no controlado Libro de San Cipriano.
852 ## - LOCALIZACIÓN
Ubicación ES-MaACL
Número de control de estantería T-641-F-3
Holdings
Estatus retirado Estado de pérdida Estado de daño No para préstamo Colección Biblioteca de origen Biblioteca actual Ubicación en estantería Fecha de adquisición Fuente de adquisición Total de préstamos Signatura topográfica completa Código de barras Visto por última vez Precio de reemplazo Tipo de ítem Koha
        Colección de folletos Biblioteca del Ateneo de Madrid Biblioteca del Ateneo de Madrid Depósito folletos 17/01/2008     T-641-F-3 1030541 23/02/2023 23/02/2023 Folleto